[Event "Pindamonhangaba op 1st"]
[Site "Pindamonhangaba"]
[Date "2019.04.07"]
[Round "4"]
[White "Ventura, Rodrigo Rocha"]
[Black "De Mendonca, Jose Moacyr"]
[Result "1/2-1/2"]
[WhiteElo "1223"]
[BlackElo "1807"]
[PlyCount "80"]
[EventDate "2019.04.06"]
[EventType "swiss"]
[EventRounds "5"]
[EventCountry "BRA"]
[SourceTitle "CBM 190 Extra"]
[Source "ChessBase"]
[SourceDate "2019.07.15"]
[SourceVersion "1"]
[SourceVersionDate "2019.07.15"]
[SourceQuality "1"]

1. d4 Nf6 2. c4 e5 3. Bg5 h6 4. Bh4 Nc6 5. dxe5 Nxe5 6. e3 Ng6 7. Bxf6 Qxf6 8. Nc3 Bb4 9. Rc1 0-0 10. Nf3 d6 11. Be2 Bxc3+ 12. Rxc3 Bg4 13. 0-0 Rad8 14. Nd4 Bc8 15. Qd2 c6 16. Rfc1 d5 17. c5 Nh4 18. g3 Bh3 19. Bf1 Bxf1 20. Kxf1 Ng6 21. b4 a6 22. a4 Ne5 23. Qe2 Rfe8 24. b5 axb5 25. axb5 Nc4 26. Rb1 Qxd4 27. exd4 Rxe2 28. Kxe2 Re8+ 29. Kd3 Re6 30. bxc6 bxc6 31. Rb8+ Kh7 32. Rcb3 Kg6 33. h3 Kf6 34. Rb1 g6 35. Rf1 h5 36. Rbb1 Re8 37. Rfe1 Ra8 38. Ra1 Rb8 39. Ra6 Rc8 40. Re2 Rc7 1/2-1/2

[Event "Sao Paulo Carnaval op"]
[Site "Sao Paulo"]
[Date "2019.03.02"]
[Round "1"]
[White "Ventura, Rodrigo Rocha"]
[Black "Dias, Joao Batista de Sou"]
[Result "0-1"]
[WhiteElo "1800"]
[BlackElo "1847"]
[PlyCount "86"]
[EventDate "2019.03.02"]
[EventType "swiss"]
[EventRounds "7"]
[EventCountry "BRA"]
[SourceTitle "EXT 2020"]
[Source "ChessBase"]
[SourceDate "2019.10.17"]
[SourceVersion "1"]
[SourceVersionDate "2019.10.17"]
[SourceQuality "1"]

1. d4 Nf6 2. c4 c5 3. Nf3 cxd4 4. Nxd4 g6 5. Nc3 Bg7 6. e3 0-0 7. Bd3 Nc6 8. Nde2 Ne5 9. Nf4 Nxd3+ 10. Nxd3 b6 11. Bd2 Bb7 12. f3 Rc8 13. b3 d5 14. Nb2 d4 15. Nb5 dxe3 16. Bxe3 a6 17. Qxd8 Rcxd8 18. Bxb6 axb5 19. Bxd8 Rxd8 20. 0-0 bxc4 21. Nxc4 Nd5 22. Rad1 Ra8 23. a4 Bf6 24. Rfe1 e6 25. Nd6 Ba6 26. Ne4 Bd8 27. Rc1 Ba5 28. Red1 Be2 29. Rd4 Bb6 30. Nc5 Ne7 31. Rd2 Ba6 32. Kh1 Bxc5 33. Rxc5 Rb8 34. Rb2 Nd5 35. Rc6 Nb4 36. Rd6 Kf8 37. Rd7 Ke8 38. Rc7 Rd8 39. h3 h5 40. Kh2 h4 41. Rc5 Ke7 42. Kg1 Kf6 43. Kf2 Nd3+ 0-1